La notion de temps (Registro nro. 49544)

Detalles MARC
000 -LEADER
campo de control de longitud fija 00677nam a2200217 i 4500
001 - NÚMERO DE CONTROL
campo de control 49544
003 - IDENTIFICADOR DE NÚMERO DE CONTROL
campo de control ES-MaACL
005 - FECHA Y HORA DE LA ÚLTIMA TRANSACCIÓN
campo de control 20230906162013.0
007 - CAMPO FIJO DE DESCRIPCIÓN FÍSICA--INFORMACIÓN GENERAL
campo de control de longitud fija t|
008 - DATOS DE LONGITUD FIJA--INFORMACIÓN GENERAL
campo de control de longitud fija 030717s1983 fr ||||1| fre d
020 ## - NÚMERO INTERNACIONAL ESTÁNDAR DEL LIBRO
Número Internacional Estándar del Libro 2-7116-0823-9
100 1# - ENTRADA PRINCIPAL--NOMBRE DE PERSONA
Nombre de persona Costa de Beauregard, Olivier.
9 (RLIN) 41090
245 13 - MENCIÓN DEL TÍTULO
Título La notion de temps
Resto del título : équivalence avec l'espace /
Mención de responsabilidad, etc. par Olivier Costa Beauregard.
250 ## - MENCION DE EDICION
Mención de edición 2ª ed.
260 ## - PUBLICACIÓN, DISTRIBUCIÓN, ETC.
Lugar de publicación, distribución, etc. Paris :
Nombre del editor, distribuidor, etc. J. Vrin,
Fecha de publicación, distribución, etc. 1983.
300 ## - DESCRIPCIÓN FÍSICA
Extensión 221 p. ;
Dimensiones 24 cm.
490 1# - MENCIÓN DE SERIE
Mención de serie L'histoire des sciences. Textes et études
830 0# - PUNTO DE ACCESO ADICIONAL DE SERIE-TÍTULO UNIFORME
Título uniforme L'histoire des sciences. Textes et études
9 (RLIN) 177448
852 ## - LOCALIZACIÓN
Ubicación ES-MaACL
Número de control de estantería L-11868
Sublocalización o colección R.113823
Existencias
Estatus retirado Estado de pérdida Estado de daño No para préstamo Biblioteca de origen Biblioteca actual Ubicación en estantería Fecha de adquisición Fuente de adquisición Total de préstamos Signatura topográfica completa Código de barras Visto por última vez Precio de reemplazo Tipo de ítem Koha
        Biblioteca del Ateneo de Madrid Biblioteca del Ateneo de Madrid Depósito 2 17/01/2008     L-11868 1052132 23/02/2023 23/02/2023 Libro impreso